| 000 | 00701nam a22002057a 4500 | ||
|---|---|---|---|
| 003 | OSt | ||
| 005 | 20140310183109.0 | ||
| 008 | 130305t xxu||||| |||| 00| 0 eng d | ||
| 020 | _a9719344601 | ||
| 050 |
_aBL 2130 _b.Ag93 2007 vol.2 |
||
| 082 |
_aBL2130 _b.Ag93 2007 |
||
| 100 | _aAguilar, Marlene. | ||
| 245 |
_aMyths & legends of the Philippines / _cstories written by Marlene Aguilar ; contributing writer, Bessie Badilla-del Castillo ; editor, Michael Cassey ; artworks, Jun A. Martinez |
||
| 260 |
_aQuezon City: _bJamayco, _c2007. |
||
| 300 |
_a2 v. _bill. col. ; _c24 cm. |
||
| 650 |
_aLegends _xPhilippines |
||
| 650 |
_aMyths _xPhilippines |
||
| 942 |
_2lcc _cBK _kLOC |
||
| 999 |
_c18826 _d18826 |
||